Teoretické a praktické východiská reformy verejnej správy bakalárska práca

Uložené v:
Podrobná bibliografia
Hlavný autor: Gomboš, Juraj
Korporativný autor: Národohospodárska fakulta EU. Katedra financií
Ďalší autori: Čambalová, Andrea
Médium: Kniha
Jazyk:Slovak
Vydavateľské údaje: Bratislava 2009
Tagy: Pridať tag
Žiadne tagy, Buďte prvý, kto otaguje tento záznam!

MARC

LEADER 00000nam$a2200000$$$4500
001 0102717
005 20240318141532.5
041 0 |a slo 
044 |a SK 
245 1 0 |a Teoretické a praktické východiská reformy verejnej správy  |b bakalárska práca  |c Juraj Gomboš ; škol. Andrea Čambalová 
264 1 |a Bratislava  |c 2009 
300 |a 52 s. 
100 1 |a Gomboš, Juraj 
700 1 |a Čambalová, Andrea 
710 2 |a Národohospodárska fakulta EU. Katedra financií